000 00485nam a2200217Ia 4500
003 IT-RoPAU
008 120407s9999 xx 000 0 und d
040 _aIT-RoPAU
040 _cIT-RoPAU
041 _aita
100 _aFrancesco Licinio Galati
245 _aCristo la via, nel pensiero di S. Agostino.
250 _aRoma
260 _aEdizioni Paoline
260 _c1956
300 _c cm
490 _aOrient. 1. serie
490 _v1
942 _cBK
999 _c14146
_d14146